[Event "Cartagena zt U18 Valle"]
[Site "Cali"]
[Date "2013.04.21"]
[Round "6.6"]
[White "Yate Baron, Andres Steven"]
[Black "Norena, Wilder"]
[Result "1/2-1/2"]
[WhiteElo "1733"]
[BlackElo "1563"]
[PlyCount "91"]
[EventDate "2013.04.19"]
[EventType "swiss"]
[EventRounds "6"]
[EventCountry "COL"]
[SourceTitle "EXT 2024"]
[Source "ChessBase"]
[SourceDate "2023.10.10"]
[SourceVersion "1"]
[SourceVersionDate "2023.10.10"]
[SourceQuality "1"]

1. e4 e5 2. Nf3 Nc6 3. Bb5 a6 4. Ba4 Nf6 5. 0-0 b5 6. Bb3 Be7 7. Re1 d6 8. c3 Bg4 9. d3 Na5 10. Bc2 c5 11. h3 Bxf3 12. Qxf3 0-0 13. Nd2 Re8 14. g4 Bf8 15. b4 cxb4 16. cxb4 Rc8 17. Bd1 Nc6 18. Bb3 Nxb4 19. Bb2 Nc2 20. g5 Nxe1 21. Rxe1 Be7 22. gxf6 Bxf6 23. Kh2 a5 24. Nf1 a4 25. Bd5 Rc2 26. Ba3 Qb6 27. Ne3 Rd2 28. Rg1 Kh8 29. Bb4 Rxd3 30. Qe2 Rd4 31. Bc3 b4 32. Bxd4 exd4 33. Ng4 Bh4 34. f3 d3 35. Qxd3 h5 36. Ne3 Bf2 37. Rg5 Qxe3 38. Rxh5+ Kg8 39. Bxf7+ Kxf7 40. Qd5+ Ke7 41. Qb7+ Kd8 42. Qb8+ Ke7 43. Qb7+ Kf6 44. Rf5+ Kg6 45. Qf7+ Kh7 46. Rh5+ 1/2-1/2

[Event "Cartagena zt U18 Valle"]
[Site "Cali"]
[Date "2013.04.20"]
[Round "3.4"]
[White "Hernandez, Cristian Andres"]
[Black "Yate Baron, Andres Steven"]
[Result "1-0"]
[WhiteElo "2150"]
[BlackElo "1733"]
[PlyCount "37"]
[EventDate "2013.04.19"]
[EventType "swiss"]
[EventRounds "6"]
[EventCountry "COL"]
[SourceTitle "EXT 2024"]
[Source "ChessBase"]
[SourceDate "2023.10.10"]
[SourceVersion "1"]
[SourceVersionDate "2023.10.10"]
[SourceQuality "1"]

1. e4 c5 2. Nf3 d6 3. d4 cxd4 4. Nxd4 Nf6 5. Nc3 g6 6. Be3 Bg7 7. f3 0-0 8. Bc4 Nc6 9. Qd2 Bd7 10. 0-0-0 Rc8 11. Bb3 Re8 12. g4 Ne5 13. Kb1 Nc4 14. Bxc4 Rxc4 15. h4 Qa5 16. Nb3 Qc7 17. g5 Nh5 18. Nd5 Qc8 19. Bxa7 1-0

[Event "Cartagena zt U18 Valle"]
[Site "Cali"]
[Date "2013.04.19"]
[Round "1.2"]
[White "Yate Baron, Andres Steven"]
[Black "Gonzalez, Andres Felipe"]
[Result "0-1"]
[WhiteElo "1733"]
[BlackElo "1985"]
[PlyCount "54"]
[EventDate "2013.04.19"]
[EventType "swiss"]
[EventRounds "6"]
[EventCountry "COL"]
[SourceTitle "EXT 2024"]
[Source "ChessBase"]
[SourceDate "2023.10.10"]
[SourceVersion "1"]
[SourceVersionDate "2023.10.10"]
[SourceQuality "1"]

1. e4 c5 2. Nf3 g6 3. d4 cxd4 4. Nxd4 Nc6 5. Nc3 Bg7 6. Be3 Nf6 7. f3 0-0 8. Qd2 d5 9. Nxc6 bxc6 10. e5 Nd7 11. f4 f6 12. Qd4 fxe5 13. fxe5 Bxe5 14. Qd2 Nb6 15. 0-0-0 Bg4 16. Re1 d4 17. Bh6 dxc3 18. Qg5 Bf4+ 19. Qxf4 Rxf4 20. Bxf4 cxb2+ 21. Kb1 Qd4 22. Be5 Qd2 23. Bd3 Rd8 24. Be4 Nc4 25. Bxb2 Nxb2 26. Kxb2 Rb8+ 27. Ka1 Qc3# 0-1

[Event "Valle Region-ch U20"]
[Site "Cali"]
[Date "2013.02.22"]
[Round "1.8"]
[White "Sanchez Correa, Juan Camilo"]
[Black "Yate Baron, Andres Steven"]
[Result "0-1"]
[WhiteElo "1327"]
[BlackElo "1733"]
[PlyCount "41"]
[EventDate "2013.02.22"]
[EventType "swiss"]
[EventRounds "5"]
[EventCountry "COL"]
[SourceTitle "EXT 2024"]
[Source "ChessBase"]
[SourceDate "2023.10.10"]
[SourceVersion "1"]
[SourceVersionDate "2023.10.10"]
[SourceQuality "1"]

1. d4 d5 2. g3 Nf6 3. Nd2 Bf5 4. Bg2 e6 5. b3 Bd6 6. Bb2 0-0 7. e3 Nbd7 8. Qe2 Bxc2 9. e4 dxe4 10. Nxe4 Bxe4 11. Bxe4 Nxe4 12. Qxe4 Bb4+ 13. Kf1 Nf6 14. Qg2 c5 15. Ne2 Nd5 16. Rd1 Qf6 17. Rd3 Qf5 18. Rf3 Qb1+ 19. Nc1 Qxb2 20. Nd3 Qb1+ 21. Ne1 0-1

[Event "Valle Region-ch U20"]
[Site "Cali"]
[Date "2013.02.22"]
[Round "2.2"]
[White "Yate Baron, Andres Steven"]
[Black "Zuleta, Juan Carlos"]
[Result "0-1"]
[WhiteElo "1733"]
[BlackElo "1862"]
[PlyCount "44"]
[EventDate "2013.02.22"]
[EventType "swiss"]
[EventRounds "5"]
[EventCountry "COL"]
[SourceTitle "EXT 2024"]
[Source "ChessBase"]
[SourceDate "2023.10.10"]
[SourceVersion "1"]
[SourceVersionDate "2023.10.10"]
[SourceQuality "1"]

1. e4 c5 2. Nf3 e6 3. d4 cxd4 4. Nxd4 a6 5. Nc3 b5 6. a3 Bb7 7. Bd3 Qc7 8. 0-0 Nf6 9. Re1 Nc6 10. Nxc6 Bxc6 11. Nd5 Bxd5 12. exd5 Be7 13. dxe6 dxe6 14. Qf3 0-0 15. Bf4 Qc5 16. Re5 Qd4 17. Rg5 g6 18. Qg3 Ne4 19. Bxe4 Bxg5 20. Bxa8 Bxf4 21. Qf3 Qxb2 22. Rd1 Qxc2 0-1

[Event "Valle Region-ch qual 3"]
[Site "Cali"]
[Date "2012.03.30"]
[Round "1.4"]
[White "Yate Baron, Andres Steven"]
[Black "Cadavid, Gerardo"]
[Result "0-1"]
[WhiteElo "1671"]
[BlackElo "1921"]
[PlyCount "26"]
[EventDate "2012.03.30"]
[EventType "swiss"]
[EventRounds "7"]
[EventCountry "COL"]
[SourceTitle "EXT 2024"]
[Source "ChessBase"]
[SourceDate "2023.10.10"]
[SourceVersion "1"]
[SourceVersionDate "2023.10.10"]
[SourceQuality "1"]

1. e4 c5 2. Nf3 e6 3. d4 cxd4 4. Nxd4 a6 5. Nc3 Qc7 6. a3 b5 7. Bd3 Bb7 8. 0-0 Nc6 9. Be3 Nf6 10. f4 d6 11. Qe1 Ng4 12. f5 d5 13. exd5 Qxh2# 0-1

[Event "Valle Region-ch"]
[Site "Cali"]
[Date "2012.03.18"]
[Round "4.13"]
[White "Yate Baron, Andres Steven"]
[Black "Giraldo, Diego Leon"]
[Result "1-0"]
[WhiteElo "1671"]
[BlackElo "1908"]
[PlyCount "69"]
[EventDate "2012.03.16"]
[EventType "swiss"]
[EventRounds "7"]
[EventCountry "COL"]
[SourceTitle "EXT 2024"]
[Source "ChessBase"]
[SourceDate "2023.10.10"]
[SourceVersion "1"]
[SourceVersionDate "2023.10.10"]
[SourceQuality "1"]

1. e4 d6 2. d4 Nf6 3. Nc3 c6 4. f4 Qa5 5. Bd3 e5 6. Nf3 Bg4 7. dxe5 dxe5 8. f5 Nbd7 9. h3 Bxf3 10. Qxf3 Nc5 11. 0-0 Nxd3 12. cxd3 Be7 13. Be3 0-0-0 14. Rad1 Bc5 15. Kh2 Kb8 16. a3 Bxe3 17. Qxe3 Rd4 18. b4 Qa6 19. Qg3 Rhd8 20. Qxg7 R4d6 21. a4 Qb6 22. b5 Qd4 23. bxc6 Rxc6 24. Nb5 Qxa4 25. Rb1 Rg8 26. Qxf7 Qc2 27. Rg1 Qxd3 28. Nd6 Qa6 29. Qxb7+ Qxb7 30. Rxb7+ Ka8 31. Ra1 a6 32. Nc4 Nxe4 33. Rb4 Re8 34. Na5 Rf6 35. Rxe4 1-0

[Event "Valle Region-ch"]
[Site "Cali"]
[Date "2012.03.17"]
[Round "3.8"]
[White "Beltran, Carlos Armando"]
[Black "Yate Baron, Andres Steven"]
[Result "1-0"]
[WhiteElo "2219"]
[BlackElo "1671"]
[PlyCount "81"]
[EventDate "2012.03.16"]
[EventType "swiss"]
[EventRounds "7"]
[EventCountry "COL"]
[SourceTitle "EXT 2024"]
[Source "ChessBase"]
[SourceDate "2023.10.10"]
[SourceVersion "1"]
[SourceVersionDate "2023.10.10"]
[SourceQuality "1"]

1. Nf3 d5 2. c4 e6 3. e3 c5 4. b3 d4 5. exd4 cxd4 6. d3 Nc6 7. g3 Bd6 8. Bg2 f5 9. 0-0 Nf6 10. Re1 0-0 11. Ba3 Re8 12. Bxd6 Qxd6 13. Nbd2 e5 14. Qc2 b6 15. a3 Bb7 16. b4 Rac8 17. Qb3 Kh8 18. Ng5 Qe7 19. c5 Nd8 20. Bxb7 Qxb7 21. Nc4 Qd5 22. cxb6 axb6 23. Qd1 Qb5 24. Nd6 Qc6 25. Nxc8 Qxc8 26. Rc1 Qd7 27. Nf3 Nf7 28. a4 Nd5 29. a5 Nc3 30. Qb3 b5 31. h4 Rc8 32. Nxe5 Nxe5 33. Rxe5 Ne2+ 34. Rxe2 Rxc1+ 35. Kg2 Rc3 36. Qe6 Qxe6 37. Rxe6 Kg8 38. Re5 g6 39. Rxb5 Rxd3 40. a6 Ra3 41. Ra5 1-0

[Event "Valle Region-ch"]
[Site "Cali"]
[Date "2012.03.16"]
[Round "1.7"]
[White "Ossa, Orlando Jose"]
[Black "Yate Baron, Andres Steven"]
[Result "1-0"]
[WhiteElo "2255"]
[BlackElo "1671"]
[PlyCount "65"]
[EventDate "2012.03.16"]
[EventType "swiss"]
[EventRounds "7"]
[EventCountry "COL"]
[SourceTitle "EXT 2024"]
[Source "ChessBase"]
[SourceDate "2023.10.10"]
[SourceVersion "1"]
[SourceVersionDate "2023.10.10"]
[SourceQuality "1"]

1. e4 c6 2. c4 d5 3. exd5 cxd5 4. cxd5 Qxd5 5. Nc3 Qa5 6. d4 e6 7. Nf3 Nc6 8. Bd3 Nf6 9. 0-0 Bd6 10. Bg5 Nd5 11. Nb5 Be7 12. Bxe7 Kxe7 13. Ne5 Qb6 14. Qh5 Nd8 15. Qh4+ f6 16. Ng6+ hxg6 17. Qxh8 Kf7 18. Qh4 Nc6 19. Nd6+ Ke7 20. Nxc8+ Rxc8 21. Qh7 Nxd4 22. Qxg7+ Kd6 23. Rac1 Rd8 24. Rfd1 Qxb2 25. Bc4 Rc8 26. Rb1 Qc2 27. Bxd5 exd5 28. Qxf6+ Ne6 29. Re1 Re8 30. Qe5+ Kd7 31. Rxb7+ Kc6 32. Rxa7 Nc7 33. Rxc7+ 1-0

[Event "Valle Region-ch U16"]
[Site "Cali"]
[Date "2012.02.18"]
[Round "6.5"]
[White "Norena, Wilder"]
[Black "Yate Baron, Andres Steven"]
[Result "1/2-1/2"]
[WhiteElo "1517"]
[BlackElo "1560"]
[PlyCount "56"]
[EventDate "2012.02.16"]
[EventType "swiss"]
[EventRounds "7"]
[EventCountry "COL"]
[SourceTitle "EXT 2024"]
[Source "ChessBase"]
[SourceDate "2023.10.10"]
[SourceVersion "1"]
[SourceVersionDate "2023.10.10"]
[SourceQuality "1"]

1. e4 c5 2. Nf3 a6 3. d4 cxd4 4. Nxd4 e5 5. Nb3 Nf6 6. Nc3 Bb4 7. Bg5 d6 8. a3 Bxc3+ 9. bxc3 h6 10. Bxf6 Qxf6 11. Bc4 Qg6 12. Qf3 Be6 13. Bxe6 Qxe6 14. 0-0 0-0 15. Rad1 Nd7 16. Qd3 Nc5 17. Nxc5 dxc5 18. Qd5 Qe7 19. Qd7 Rfe8 20. Rd5 Kf8 21. Rfd1 Qxd7 22. Rxd7 Re7 23. c4 Ke8 24. Rxe7+ Kxe7 25. Rd5 Rd8 26. Rxe5+ Kf6 27. Rd5 Rxd5 28. exd5 b5 1/2-1/2

[Event "Cali Region-ch U18"]
[Site "Cali"]
[Date "2011.12.06"]
[Round "6.9"]
[White "Yate Baron, Andres Steven"]
[Black "Diaz, Javier3333"]
[Result "1/2-1/2"]
[WhiteElo "1600"]
[BlackElo "1600"]
[PlyCount "79"]
[EventDate "2011.12.04"]
[EventType "swiss"]
[EventRounds "7"]
[EventCountry "COL"]
[SourceTitle "EXT 2024"]
[Source "ChessBase"]
[SourceDate "2023.10.10"]
[SourceVersion "1"]
[SourceVersionDate "2023.10.10"]
[SourceQuality "1"]

1. e4 e5 2. Nf3 Nc6 3. Nc3 Nf6 4. Bc4 Bc5 5. d3 h6 6. a3 0-0 7. 0-0 d6 8. h3 Be6 9. Bxe6 fxe6 10. Nh4 Nxe4 11. Nxe4 Qxh4 12. Nxc5 dxc5 13. Be3 b6 14. Qd2 Rad8 15. c3 Rf6 16. f3 Rg6 17. Rad1 Qxh3 18. Rf2 Qh4 19. Qc2 Qh5 20. Qa4 Rd6 21. Qa6 Rd8 22. Qb7 Ne7 23. Kf1 Nf5 24. Ke2 Ng3+ 25. Ke1 Qh1+ 26. Kd2 Rxd3+ 27. Kxd3 Qxd1+ 28. Rd2 Qf1+ 29. Kc2 Nf5 30. Qe4 Rxg2 31. Qa8+ Kh7 32. Qe4 g6 33. Kb3 Rxd2 34. Bxd2 Qb5+ 35. Kc2 Nd6 36. Qe1 Nc4 37. Bc1 a5 38. f4 exf4 39. Qxe6 g5 40. Qf7+ 1/2-1/2

[Event "Cali Region-ch U16"]
[Site "Cali"]
[Date "2011.02.11"]
[Round "1.7"]
[White "Parra Meza, Brayan"]
[Black "Yate Baron, Andres Steven"]
[Result "1-0"]
[WhiteElo "1816"]
[BlackElo "1600"]
[PlyCount "33"]
[EventDate "2011.02.11"]
[EventType "swiss"]
[EventRounds "7"]
[EventCountry "COL"]
[SourceTitle "EXT 2024"]
[Source "ChessBase"]
[SourceDate "2023.10.10"]
[SourceVersion "1"]
[SourceVersionDate "2023.10.10"]
[SourceQuality "1"]

1. e4 e5 2. Nf3 Nc6 3. Bc4 Nf6 4. d3 Bc5 5. c3 a6 6. a4 Na5 7. Nxe5 Nxc4 8. Nxc4 d6 9. 0-0 Be6 10. Nbd2 0-0 11. d4 Ba7 12. Ne3 g6 13. Kh1 c6 14. f4 Qd7 15. f5 Nxe4 16. Nxe4 Bxf5 17. Nf6+ 1-0

[Event "Cali Region-ch U16"]
[Site "Cali"]
[Date "2011.02.11"]
[Round "2.8"]
[White "Yate Baron, Andres Steven"]
[Black "Norena, Wilder"]
[Result "0-1"]
[WhiteElo "1600"]
[BlackElo "1652"]
[PlyCount "30"]
[EventDate "2011.02.11"]
[EventType "swiss"]
[EventRounds "7"]
[EventCountry "COL"]
[SourceTitle "EXT 2024"]
[Source "ChessBase"]
[SourceDate "2023.10.10"]
[SourceVersion "1"]
[SourceVersionDate "2023.10.10"]
[SourceQuality "1"]

1. e4 e5 2. Nf3 Nc6 3. Bc4 Bc5 4. d3 Nf6 5. Nbd2 d6 6. h3 Be6 7. Bb5 Qd7 8. Ng5 a6 9. Nxe6 fxe6 10. Ba4 0-0 11. c3 Qf7 12. Nb3 Bxf2+ 13. Kd2 b5 14. Rf1 bxa4 15. Rxf2 Nxe4+ 0-1